Normal view MARC view
  • Jainism religion

Entry Geographic Name

Number of records used in: 1

001 - CONTROL NUMBER

  • control field: 217842

003 - CONTROL NUMBER IDENTIFIER

  • control field: OSt

005 - DATE AND TIME OF LATEST TRANSACTION

  • control field: 20260516162242.0

008 - FIXED-LENGTH DATA ELEMENTS

  • fixed length control field: 260516|| aca||aabn | a|a d

040 ## - CATALOGING SOURCE

  • Original cataloging agency: OSt
  • Transcribing agency: OSt

151 ## - HEADING--GEOGRAPHIC NAME

  • Geographic name: Jainism religion

670 ## - SOURCE DATA FOUND

  • Source citation: Work cat.: (OSt)370917: Hegwald Julia A.B. 217703, Jaina Tradition Of The Deccan: Shravanabelagola, Mudabidri, Karkala